[Event "Novy Bor op-A"]
[Site "Novy Bor"]
[Date "2013.02.16"]
[Round "9"]
[White "Svobodova, Michaela"]
[Black "Kuchar, Tomas"]
[Result "1-0"]
[WhiteElo "2051"]
[BlackElo "1697"]
[PlyCount "67"]
[EventDate "2013.02.09"]
[EventType "swiss"]
[EventRounds "9"]
[EventCountry "CZE"]
[SourceTitle "CBM 152 Extra"]
[Source "ChessBase"]
[SourceDate "2013.02.25"]
[SourceVersion "1"]
[SourceVersionDate "2013.02.25"]
[SourceQuality "1"]

1. e4 c5 2. Nf3 e6 3. c4 Nc6 4. Nc3 Nf6 5. Be2 Be7 6. 0-0 d5 7. exd5 exd5 8. d4 Be6 9. Be3 cxd4 10. Nxd4 Nxd4 11. Qxd4 0-0 12. cxd5 Nxd5 13. Nxd5 Qxd5 14. Bf3 Qb5 15. a4 Qa6 16. Rfc1 Rfd8 17. Qe4 b6 18. a5 Rac8 19. Rxc8 Rxc8 20. Qb7 Qxb7 21. Bxb7 Rb8 22. a6 Bd6 23. Bxb6 Re8 24. Bxa7 Bc8 25. Bxc8 Rxc8 26. Be3 Ra8 27. a7 Kf8 28. g3 Ke7 29. Kg2 f6 30. Kf3 Kd7 31. Ke4 Ke6 32. Ra6 f5+ 33. Kd4 g6 34. Bf4 1-0